[Event "Tata Steel India Rapid w"]
[Site "Kolkata IND"]
[Date "2022.11.30"]
[Round "5.2"]
[White "Kiolbasa, Oliwia"]
[Black "Muzychuk, Anna"]
[Result "1/2-1/2"]
[WhiteTitle "WIM"]
[BlackTitle "GM"]
[WhiteElo "2406"]
[BlackElo "2525"]
[WhiteFideId "1154613"]
[BlackFideId "14111330"]
[EventDate "2022.11.29"]

1. e4 e5 2. Nf3 Nc6 3. Bb5 a6 4. Ba4 Nf6 5. O-O Be7 6. d3 b5 7. Bb3 d6 8. a4 Bd7
9. c3 O-O 10. Bc2 Re8 11. Re1 h6 12. h3 Bf8 13. Nbd2 Rb8 14. Nf1 b4 15. a5 bxc3
16. bxc3 g6 17. Ne3 Bg7 18. Bb3 Qc8 19. Bd2 Nd8 20. Nd5 Nxd5 21. Bxd5 c6 22. Bc4
Be6 23. Qa4 Bxc4 24. Qxc4 Rb5 25. Reb1 Nb7 26. Rxb5 cxb5 27. Qd5 Qc7 28. Ne1
Nxa5 29. Nc2 Rc8 30. Nb4 Qb6 31. Qa2 Nc6 32. Nd5 Qb7 33. Qxa6 Qxa6 34. Rxa6 Kh7
35. Rb6 Nd8 36. Rxb5 Ne6 37. Rb7 Nc5 38. Rxf7 Nxd3 39. Nf6+ Kh8 40. Bxh6 Bxf6
41. Rxf6 Kh7 42. Be3 Rc6 43. Rf7+ Kg8 44. Rd7 Nb2 45. h4 Na4 46. g4 Nxc3 47. h5
gxh5 48. gxh5 Nxe4 49. h6 Nf6 50. Rg7+ Kh8 51. Rg6 Ne4 52. Kg2 Rc8 53. f3 Rc3
54. fxe4 Rxe3 55. Rxd6 Rxe4 56. Kf3 Rf4+ 57. Kg3 Kh7 58. Re6 Rf8 59. Rxe5 Kxh6 1/2-1/2

[Event "Tata Steel India Rapid w"]
[Site "Kolkata IND"]
[Date "2022.11.30"]
[Round "5.3"]
[White "Ushenina, Anna"]
[Black "Vantika, Agrawal"]
[Result "1-0"]
[WhiteTitle "GM"]
[BlackTitle "WGM"]
[WhiteElo "2454"]
[BlackElo "2362"]
[WhiteFideId "14110911"]
[BlackFideId "25050389"]
[EventDate "2022.11.29"]

1. d4 Nf6 2. c4 g6 3. g3 Bg7 4. Bg2 O-O 5. Nc3 d6 6. Nf3 c5 7. O-O Nc6 8. dxc5
dxc5 9. Bf4 Nh5 10. Be3 b6 11. Qc1 Bb7 12. Bh6 Qe8 13. Nd5 Rd8 14. Bxg7 Nxg7 15.
Qc3 f6 16. a3 Qf7 17. Rfd1 Nf5 18. e3 e6 19. Nf4 g5 20. Nd3 g4 21. Nd2 h5 22. b4
h4 23. Ne4 Ba8 24. bxc5 bxc5 25. Nexc5 Qe7 26. Ne4 Kf7 27. c5 Rh8 28. Rab1 Rh6
29. Nd6+ Nxd6 30. cxd6 Rxd6 31. Nb4 Nxb4 32. Bxa8 Nd5 33. Bxd5 exd5 34. Rd4 hxg3
35. hxg3 Qd7 36. Qd3 Rh8 37. Rdb4 Qe7 38. Rb7 Rd7 39. Qf5 Rxb7 40. Qxd5+ Kg6 41.
Rxb7 Qe8 42. Rxa7 Rh5 43. Qd3+ f5 44. Qd6+ Kg5 45. Rg7+ 1-0

[Event "Tata Steel India Rapid w"]
[Site "Kolkata IND"]
[Date "2022.11.30"]
[Round "5.4"]
[White "Savitha, Shri B"]
[Black "Koneru, Humpy"]
[Result "0-1"]
[WhiteTitle "WIM"]
[BlackTitle "GM"]
[WhiteElo "2411"]
[BlackElo "2574"]
[WhiteFideId "35061887"]
[BlackFideId "5008123"]
[EventDate "2022.11.29"]

1. e4 e5 2. Nf3 Nf6 3. Nxe5 d6 4. Nf3 Nxe4 5. Nc3 Nxc3 6. dxc3 Be7 7. Be3 O-O 8.
Qd2 Nd7 9. O-O-O Nf6 10. Bd3 Re8 11. h4 Bg4 12. Rde1 c5 13. Ng5 Qa5 14. Kb1 d5
15. f3 Bd7 16. g4 c4 17. Bf5 Bxf5 18. gxf5 Bc5 19. Bf4 Rad8 20. Be5 Ne4 21. Nxe4
dxe4 22. Qg5 Rxe5 23. fxe4 f6 24. Qg4 Qb6 25. Ka1 Qc6 26. h5 h6 27. Rhg1 Bxg1 0-1

[Event "Tata Steel India Rapid w"]
[Site "Kolkata IND"]
[Date "2022.11.30"]
[Round "5.5"]
[White "Harika, Dronavalli"]
[Black "Dzagnidze, Nana"]
[Result "1/2-1/2"]
[WhiteTitle "GM"]
[BlackTitle "GM"]
[WhiteElo "2507"]
[BlackElo "2517"]
[WhiteFideId "5015197"]
[BlackFideId "13601903"]
[EventDate "2022.11.29"]

1. c4 c5 2. Nf3 Nf6 3. Nc3 d5 4. cxd5 Nxd5 5. e4 Nb4 6. Bc4 Nd3+ 7. Ke2 Nxc1+ 8.
Rxc1 Nc6 9. Bb5 Bg4 10. Bxc6+ bxc6 11. Na4 e6 12. d3 Rb8 13. b3 Rb5 14. Rc4 Be7
15. Qc1 Qd6 16. h3 Bxf3+ 17. gxf3 O-O 18. Qe3 Rd8 19. Rg1 Rb4 20. Rgc1 Rxc4 21.
Rxc4 Bg5 22. e5 Bxe3 23. exd6 Bd4 24. Nxc5 Bxc5 25. Rxc5 Rxd6 26. Ke3 Kf8 27.
Ra5 Rd7 28. Ra6 Rc7 29. Kd4 c5+ 30. Kc4 Ke7 31. f4 Kf6 32. Kb5 Kf5 33. Ra4 g6
34. Rc4 Rd7 35. Ra4 Rc7 36. Rc4 Rd7 37. Kxc5 Rxd3 38. Ra4 Rd7 39. Kc6 Re7 40.
Kd6 Rb7 41. Kc6 Re7 42. Kd6 Rb7 1/2-1/2

[Event "Tata Steel India Rapid w"]
[Site "Kolkata IND"]
[Date "2022.11.30"]
[Round "6.1"]
[White "Koneru, Humpy"]
[Black "Dzagnidze, Nana"]
[Result "1/2-1/2"]
[WhiteTitle "GM"]
[BlackTitle "GM"]
[WhiteElo "2574"]
[BlackElo "2517"]
[WhiteFideId "5008123"]
[BlackFideId "13601903"]
[EventDate "2022.11.29"]

1. d4 Nf6 2. c4 e6 3. Nf3 b6 4. g3 Ba6 5. b3 Bb4+ 6. Bd2 Be7 7. Nc3 c6 8. e4 d5
9. Bd3 c5 10. exd5 exd5 11. Nxd5 Nxd5 12. Be4 Nc7 13. Bf4 Bd6 14. dxc5 Bxf4 15.
Qxd8+ Kxd8 16. gxf4 Kc8 17. Bxa8 Nxa8 18. Ne5 bxc5 19. O-O-O Nb6 20. Rhg1 g6 21.
f5 Rf8 22. Rd6 Bb7 23. Rf6 N8d7 24. Rxf7 Re8 25. Nxd7 Nxd7 26. Rxh7 gxf5 27.
Rgg7 Bc6 28. Re7 Rg8 29. Rhg7 Rh8 30. Rh7 Rg8 31. Rhg7 Rh8 32. Rh7 Rg8 33. Rhg7 1/2-1/2

[Event "Tata Steel India Rapid w"]
[Site "Kolkata IND"]
[Date "2022.11.30"]
[Round "6.2"]
[White "Vantika, Agrawal"]
[Black "Harika, Dronavalli"]
[Result "1/2-1/2"]
[WhiteTitle "WGM"]
[BlackTitle "GM"]
[WhiteElo "2362"]
[BlackElo "2507"]
[WhiteFideId "25050389"]
[BlackFideId "5015197"]
[EventDate "2022.11.29"]

1. d4 d5 2. c4 e6 3. Nf3 Nf6 4. g3 Bb4+ 5. Bd2 a5 6. Bg2 O-O 7. Qc1 Nbd7 8. O-O
dxc4 9. Bxb4 axb4 10. Qxc4 Nd5 11. e4 b5 12. Qc2 N5b6 13. Nbd2 Bb7 14. Rfc1 Rc8
15. Qd3 Ba6 16. a3 bxa3 17. Rxa3 Ra8 18. Qc2 b4 19. Raa1 Bb7 20. Qb3 Rxa1 21.
Rxa1 Nf6 22. Re1 Qe7 23. e5 Nfd7 24. Rc1 Bd5 25. Qd3 c5 26. dxc5 Nxc5 27. Qb5
Ncd7 28. Nd4 Rb8 29. Bxd5 Nxd5 30. Qe2 Qf8 31. Nc6 Rc8 32. Nf3 Nb8 33. Nfd4 Qe8
34. Qb5 h6 35. Rc4 Kh7 36. Rc2 Nxc6 37. Rxc6 Rxc6 38. Nxc6 Kh8 39. Qb7 Qf8 40.
Qb5 Kg8 41. h4 h5 42. Kh2 g6 1/2-1/2

[Event "Tata Steel India Rapid w"]
[Site "Kolkata IND"]
[Date "2022.11.30"]
[Round "6.3"]
[White "Muzychuk, Anna"]
[Black "Ushenina, Anna"]
[Result "1/2-1/2"]
[WhiteTitle "GM"]
[BlackTitle "GM"]
[WhiteElo "2525"]
[BlackElo "2454"]
[WhiteFideId "14111330"]
[BlackFideId "14110911"]
[EventDate "2022.11.29"]

1. e4 e5 2. Nf3 Nf6 3. d4 Nxe4 4. dxe5 d5 5. Nbd2 Qd7 6. Bd3 Nc5 7. Be2 Be7 8.
O-O O-O 9. c3 Nc6 10. Nb3 Ne6 11. Re1 Rd8 12. Be3 a5 13. Bb5 Qe8 14. Qc2 a4 15.
Nc1 a3 16. b3 Bd7 17. Bd3 g6 18. Ne2 Bf8 19. Nf4 Nxf4 20. Bxf4 Bg7 21. Bg5 Rdc8
22. Bf6 Nd8 23. c4 dxc4 24. Bxc4 Ne6 25. Rad1 Bc6 26. Bxg7 Kxg7 27. Nd4 Nxd4 28.
Rxd4 Rd8 29. Rf4 Bd5 30. Bxd5 Rxd5 31. Qxc7 Qd7 32. Qc3 Rc8 33. Qb4 Rc2 34. e6
Qd6 35. Rxf7+ Kg8 36. Qxd6 Rxd6 37. Rxb7 Rxe6 38. Rd1 Rd2 39. Rc1 Rc2 40. Rd1
Rd2 1/2-1/2

[Event "Tata Steel India Rapid w"]
[Site "Kolkata IND"]
[Date "2022.11.30"]
[Round "6.4"]
[White "Muzychuk, Mariya"]
[Black "Kiolbasa, Oliwia"]
[Result "1-0"]
[WhiteTitle "GM"]
[BlackTitle "WIM"]
[WhiteElo "2528"]
[BlackElo "2406"]
[WhiteFideId "14114550"]
[BlackFideId "1154613"]
[EventDate "2022.11.29"]

1. e4 e5 2. Nf3 Nc6 3. Bc4 Nf6 4. d3 Be7 5. O-O O-O 6. Re1 d6 7. a4 Na5 8. Ba2
c5 9. c3 Nc6 10. Na3 Be6 11. Bxe6 fxe6 12. Bd2 Nd7 13. b4 cxb4 14. cxb4 d5 15.
exd5 exd5 16. b5 Nd4 17. Nxd4 exd4 18. Nc2 Bd6 19. Qg4 Kh8 20. Nxd4 Ne5 21. Qh3
Qf6 22. Rf1 Rae8 23. Kh1 Qg6 24. f4 Qxd3 25. Qxd3 Nxd3 26. f5 Be5 27. Ra3 Nc5
28. Be3 Ne4 29. Rd3 Nd6 30. Kg1 Kg8 31. g4 Nc4 32. Bf2 Nb2 33. Rd2 Nxa4 34. Ne6
Rf7 35. Rxd5 Bb8 36. Bd4 g6 37. Ng5 Rff8 38. f6 1-0

[Event "Tata Steel India Rapid w"]
[Site "Kolkata IND"]
[Date "2022.11.30"]
[Round "6.5"]
[White "Savitha, Shri B"]
[Black "Vaishali, Rameshbabu"]
[Result "0-1"]
[WhiteTitle "WIM"]
[BlackTitle "IM"]
[WhiteElo "2411"]
[BlackElo "2454"]
[WhiteFideId "35061887"]
[BlackFideId "5091756"]
[EventDate "2022.11.29"]

1. e4 e5 2. Nf3 Nc6 3. Bb5 a6 4. Ba4 d6 5. O-O Bd7 6. c3 g6 7. d4 Bg7 8. dxe5
dxe5 9. Bg5 Nge7 10. Nbd2 h6 11. Be3 O-O 12. Bb3 Kh8 13. Re1 Qe8 14. Nf1 f5 15.
exf5 gxf5 16. Bc5 e4 17. Nd4 b6 18. Nxc6 Bxc6 19. Bxe7 Qxe7 20. Qh5 Qg5 21. Ng3
Rae8 22. Rad1 Re5 23. h4 Qe7 24. Nf1 Be8 25. Qe2 Qxh4 26. Rd5 Bc6 27. Rxe5 Bxe5
28. Qc4 Bb5 29. Qd5 Bd6 30. c4 Be8 31. g3 Qg5 32. Qd4+ Kh7 33. Bc2 Bh5 34. b4
Bxb4 35. Rb1 Bc5 36. Qe5 Rf7 37. Bd1 Bg6 38. Be2 Re7 39. Qd5 f4 40. Qxg5 hxg5
41. Bg4 e3 42. Rd1 e2 0-1

[Event "Tata Steel India Rapid w"]
[Site "Kolkata IND"]
[Date "2022.12.01"]
[Round "7.2"]
[White "Ushenina, Anna"]
[Black "Muzychuk, Mariya"]
[Result "1-0"]
[WhiteTitle "GM"]
[BlackTitle "GM"]
[WhiteElo "2454"]
[BlackElo "2528"]
[WhiteFideId "14110911"]
[BlackFideId "14114550"]
[EventDate "2022.11.29"]

1. d4 Nf6 2. c4 g6 3. Nc3 d5 4. cxd5 Nxd5 5. Bd2 Bg7 6. e4 Nxc3 7. Bxc3 O-O 8.
Qd2 c5 9. d5 e6 10. Bc4 exd5 11. Bxd5 Nd7 12. Bxg7 Kxg7 13. Ne2 Nf6 14. Nc3 Be6
15. Bxe6 fxe6 16. Qxd8 Raxd8 17. Ke2 Rd4 18. f3 Rfd8 19. Rhd1 a6 20. Rxd4 Rxd4
21. Rc1 b5 22. b3 Nd7 23. Nd1 Kf6 24. Nf2 Ke7 25. Ke3 Kd6 26. Nd3 e5 27. f4
exf4+ 28. Nxf4 a5 29. Nd3 Ke6 30. Nxc5+ 1-0

[Event "Tata Steel India Rapid w"]
[Site "Kolkata IND"]
[Date "2022.12.01"]
[Round "7.3"]
[White "Kiolbasa, Oliwia"]
[Black "Savitha, Shri B"]
[Result "1-0"]
[WhiteTitle "WIM"]
[BlackTitle "WIM"]
[WhiteElo "2406"]
[BlackElo "2411"]
[WhiteFideId "1154613"]
[BlackFideId "35061887"]
[EventDate "2022.11.29"]

1. e4 c5 2. Nf3 d6 3. d4 cxd4 4. Nxd4 Nf6 5. Nc3 a6 6. Be2 e5 7. Nb3 Be7 8. Bg5
Be6 9. Bxf6 Bxf6 10. Qd3 Nc6 11. O-O-O Nd4 12. Nxd4 exd4 13. Nd5 Bxd5 14. exd5
O-O 15. Qf3 Re8 16. Bd3 Re5 17. h4 Qa5 18. Kb1 Qxd5 19. Qxd5 Rxd5 20. g4 Be5 21.
b4 Rc8 22. a4 Bf4 23. Be4 Re5 24. Rxd4 b5 25. Bb7 Rc4 26. Rxc4 bxc4 27. Bxa6 Bd2
28. Ka2 g5 29. Bxc4 Bxb4 30. Rb1 Bc3 31. hxg5 d5 32. Bd3 Rxg5 33. Bf5 h5 34. f3
Bd2 35. Rd1 Bf4 36. a5 h4 37. a6 Kh8 38. Bc8 Rg8 39. Bb7 Be3 40. Rxd5 Kg7 41.
Rh5 Rh8 42. Rxh8 Kxh8 43. f4 Kg7 44. Kb3 Kf6 45. Kb4 Ke6 46. c4 Kd6 47. Bd5 f6
48. g5 fxg5 49. fxg5 Kc7 50. g6 Bd4 51. a7 1-0

[Event "Tata Steel India Rapid w"]
[Site "Kolkata IND"]
[Date "2022.12.01"]
[Round "7.4"]
[White "Harika, Dronavalli"]
[Black "Muzychuk, Anna"]
[Result "1/2-1/2"]
[WhiteTitle "GM"]
[BlackTitle "GM"]
[WhiteElo "2507"]
[BlackElo "2525"]
[WhiteFideId "5015197"]
[BlackFideId "14111330"]
[EventDate "2022.11.29"]

1. c4 c6 2. Nf3 d5 3. g3 Bg4 4. Bg2 e6 5. O-O Nf6 6. d3 dxc4 7. dxc4 Qxd1 8.
Rxd1 Nbd7 9. Nc3 h6 10. b3 O-O-O 11. Bb2 Be7 12. Kf1 Bh5 13. h3 g5 14. Nd2 Rhg8
15. Na4 Bg6 16. Nf3 Ne4 17. Bd4 Nec5 18. Nxc5 Bxc5 19. Bc3 Be7 20. Bd4 Bc5 21.
Bc3 Be7 22. Bd4 Bc5 1/2-1/2

[Event "Tata Steel India Rapid w"]
[Site "Kolkata IND"]
[Date "2022.12.01"]
[Round "7.5"]
[White "Dzagnidze, Nana"]
[Black "Vantika, Agrawal"]
[Result "1-0"]
[WhiteTitle "GM"]
[BlackTitle "WGM"]
[WhiteElo "2517"]
[BlackElo "2362"]
[WhiteFideId "13601903"]
[BlackFideId "25050389"]
[EventDate "2022.11.29"]

1. c4 Nf6 2. Nf3 g6 3. b3 Bg7 4. Bb2 O-O 5. g3 d6 6. Bg2 e5 7. O-O Re8 8. Nc3 c6
9. h3 a5 10. e3 h5 11. Ng5 d5 12. cxd5 cxd5 13. Rc1 Nc6 14. d3 Bh6 15. h4 Bg4
16. Qd2 Rc8 17. Na4 Qe7 18. Rc5 Rcd8 19. Rfc1 Bf8 20. Rb5 Qc7 21. f4 Bb4 22. Qf2
d4 23. fxe5 Nh7 24. Nxh7 Kxh7 25. exd4 Qd7 26. Nc5 Bxc5 27. Rbxc5 Nxd4 28. Rc7
Ne2+ 29. Kh2 Qe6 30. Rxf7+ Kg8 31. Rcc7 Bf5 32. Rg7+ Kh8 33. Rh7+ Kg8 34. Rcg7+
Kf8 35. Ba3+ 1-0

[Event "Tata Steel India Rapid w"]
[Site "Kolkata IND"]
[Date "2022.12.01"]
[Round "8.1"]
[White "Muzychuk, Anna"]
[Black "Dzagnidze, Nana"]
[Result "1/2-1/2"]
[WhiteTitle "GM"]
[BlackTitle "GM"]
[WhiteElo "2525"]
[BlackElo "2517"]
[WhiteFideId "14111330"]
[BlackFideId "13601903"]
[EventDate "2022.11.29"]

1. e4 c5 2. Nf3 e6 3. d4 cxd4 4. Nxd4 Nc6 5. Bf4 Nxd4 6. Qxd4 d6 7. Nc3 Bd7 8.
Bxd6 Bxd6 9. Qxd6 Bc6 10. O-O-O Qxd6 11. Rxd6 Ke7 12. Rd2 Nf6 13. f3 a6 14. Be2
Rac8 15. Nd1 g5 16. Ne3 b5 17. Rhd1 Rc7 18. Rd3 Rhc8 19. Rc3 Nd7 20. a4 b4 21.
Rc4 Bxa4 22. b3 Bb5 23. Rxc7 Rxc7 24. Bxb5 axb5 25. Rd4 Nc5 26. Kd2 Rd7 27.
Rxd7+ Nxd7 28. Ng4 Kd6 29. Nf2 Ne5 30. Nd3 Nc6 31. Ke3 e5 32. g3 f6 33. h4 h6
34. h5 Ke7 35. f4 exf4+ 36. gxf4 Ke6 37. Nf2 gxf4+ 38. Kxf4 Nd4 39. Ng4 Nxc2 40.
Nxh6 Nd4 41. Nf5 Nc6 42. h6 Ne5 43. Nd4+ Kf7 44. Kf5 Ng6 45. Nc6 Nh4+ 46. Kg4
Ng6 47. Nd8+ Ke7 48. h7 Kxd8 49. Kf5 Nh8 50. Kxf6 Ke8 51. e5 Kf8 52. e6 Nf7 53.
Kg6 Nh8+ 54. Kh6 Ke7 55. Kg7 Kxe6 56. Kxh8 Kf7 1/2-1/2

[Event "Tata Steel India Rapid w"]
[Site "Kolkata IND"]
[Date "2022.12.01"]
[Round "8.2"]
[White "Vaishali, Rameshbabu"]
[Black "Kiolbasa, Oliwia"]
[Result "0-1"]
[WhiteTitle "IM"]
[BlackTitle "WIM"]
[WhiteElo "2454"]
[BlackElo "2406"]
[WhiteFideId "5091756"]
[BlackFideId "1154613"]
[EventDate "2022.11.29"]

1. d4 d5 2. Bf4 c5 3. e3 cxd4 4. exd4 Nc6 5. Nf3 Bg4 6. Nbd2 f6 7. h3 Bh5 8. c3
e5 9. dxe5 fxe5 10. Bxe5 Nxe5 11. Qe2 Bd6 12. g4 Nf6 13. Nxe5 O-O 14. O-O-O Re8
15. gxh5 Bxe5 16. Qf3 Rc8 17. Bd3 Qb6 18. Nb3 a5 19. Bc2 a4 20. Nd4 a3 21. b3
Ne4 22. Bxe4 dxe4 23. Qe3 Qc7 24. Kc2 Bf4 25. Nb5 Qe5 26. Qb6 e3 27. fxe3 Qe4+
28. Rd3 Qxh1 29. exf4 Re2+ 30. Rd2 Qe4+ 31. Kc1 Re1+ 32. Rd1 Rxd1+ 33. Kxd1 Qd3+
34. Kc1 Re8 0-1

[Event "Tata Steel India Rapid w"]
[Site "Kolkata IND"]
[Date "2022.12.01"]
[Round "8.3"]
[White "Muzychuk, Mariya"]
[Black "Harika, Dronavalli"]
[Result "1/2-1/2"]
[WhiteTitle "GM"]
[BlackTitle "GM"]
[WhiteElo "2528"]
[BlackElo "2507"]
[WhiteFideId "14114550"]
[BlackFideId "5015197"]
[EventDate "2022.11.29"]

1. e4 c5 2. c3 e5 3. d4 cxd4 4. cxd4 exd4 5. Qxd4 Nc6 6. Qd1 Nf6 7. Nc3 Bb4 8.
Bd3 d5 9. exd5 Qxd5 10. Nf3 Ne5 11. Nxe5 Qxe5+ 12. Qe2 Qxe2+ 13. Kxe2 O-O 14.
Be3 Bxc3 15. bxc3 Nd5 16. Bd4 Nf4+ 17. Kd2 Nxd3 18. Kxd3 Bf5+ 19. Kd2 a6 20.
Rhe1 Rfe8 21. f3 Bd7 22. Rxe8+ Rxe8 23. a4 f6 24. a5 Bb5 25. Re1 Rxe1 1/2-1/2

[Event "Tata Steel India Rapid w"]
[Site "Kolkata IND"]
[Date "2022.12.01"]
[Round "8.4"]
[White "Savitha, Shri B"]
[Black "Ushenina, Anna"]
[Result "0-1"]
[WhiteTitle "WIM"]
[BlackTitle "GM"]
[WhiteElo "2411"]
[BlackElo "2454"]
[WhiteFideId "35061887"]
[BlackFideId "14110911"]
[EventDate "2022.11.29"]

1. e4 c5 2. Nf3 a6 3. c4 Nc6 4. Nc3 e5 5. d3 d6 6. Be2 Be7 7. O-O f5 8. Nd5 Nf6
9. exf5 Bxf5 10. Nh4 Bd7 11. Bh5+ g6 12. Bxg6+ hxg6 13. Nxg6 Kf7 14. Nxh8+ Qxh8
15. f4 e4 16. dxe4 Rg8 17. Nxe7 Kxe7 18. e5 Ng4 19. Qxd6+ Ke8 20. h3 Nd4 21. Re1
Nf3+ 22. gxf3 Qxh3 23. Qb8+ Ke7 24. Qd6+ Ke8 25. Qb8+ Kf7 26. e6+ Kf6 27. f5
Rxb8 28. Bf4 Rg8 0-1

[Event "Tata Steel India Rapid w"]
[Site "Kolkata IND"]
[Date "2022.12.01"]
[Round "8.5"]
[White "Koneru, Humpy"]
[Black "Vantika, Agrawal"]
[Result "1/2-1/2"]
[WhiteTitle "GM"]
[BlackTitle "WGM"]
[WhiteElo "2574"]
[BlackElo "2362"]
[WhiteFideId "5008123"]
[BlackFideId "25050389"]
[EventDate "2022.11.29"]

1. d4 Nf6 2. c4 g6 3. Nc3 Bg7 4. e4 d6 5. h3 O-O 6. Be3 Nc6 7. d5 Ne5 8. Be2 e6
9. Nf3 Nxf3+ 10. Bxf3 Nd7 11. O-O a5 12. Qc2 e5 13. Be2 f5 14. exf5 gxf5 15. f4
exf4 16. Bxf4 Ne5 17. Qd2 Bd7 18. Nb5 Bxb5 19. cxb5 a4 20. Rac1 a3 21. b3 Ng6
22. Bg5 Qd7 23. Qc2 Rf7 24. Bh5 Qxb5 25. Rxf5 Qc5+ 26. Qxc5 dxc5 27. Rxf7 Kxf7
28. Rf1+ Kg8 29. Bg4 Bd4+ 30. Kh1 Rf8 31. Be6+ Kg7 32. Rxf8 Kxf8 33. g4 b5 34.
Bf5 Kg7 35. Kg2 Ne5 36. Bf4 b4 37. Bc2 h6 38. Kg3 c4 39. Bxe5+ Bxe5+ 40. Kf3
cxb3 41. Bxb3 Kf6 42. h4 Bd6 1/2-1/2

[Event "Tata Steel India Rapid w"]
[Site "Kolkata IND"]
[Date "2022.12.01"]
[Round "9.1"]
[White "Vantika, Agrawal"]
[Black "Muzychuk, Anna"]
[Result "1-0"]
[WhiteTitle "WGM"]
[BlackTitle "GM"]
[WhiteElo "2362"]
[BlackElo "2525"]
[WhiteFideId "25050389"]
[BlackFideId "14111330"]
[EventDate "2022.11.29"]

1. d4 d5 2. c4 c6 3. Nf3 Nf6 4. e3 Bg4 5. h3 Bh5 6. g4 Bg6 7. Ne5 Nbd7 8. Nxg6
hxg6 9. Qb3 Qb6 10. Bg2 e6 11. Nc3 Be7 12. g5 Nh5 13. h4 Qb4 14. c5 Qxb3 15.
axb3 a6 16. b4 Rd8 17. e4 dxe4 18. Bxe4 Nf8 19. Ne2 Rd7 20. Be3 Bd8 21. O-O-O
Bc7 22. Kc2 Rd8 23. Ra1 f5 24. Bf3 e5 25. dxe5 Bxe5 26. b5 axb5 27. Ra7 Rd7 28.
Rd1 Re7 29. Ra8+ Kf7 30. Rdd8 Bc7 31. Rdc8 f4 32. Bd4 Rg8 33. Kd3 Rd7 34. Bxh5
gxh5 35. g6+ Kxg6 36. Rxf8 Rxf8 37. Rxf8 Kh6 38. Nxf4 Kh7 39. Ne6 Be5 40. Rd8
Rxd8 41. Nxd8 Bc7 42. Ne6 1-0

[Event "Tata Steel India Rapid w"]
[Site "Kolkata IND"]
[Date "2022.12.01"]
[Round "9.2"]
[White "Harika, Dronavalli"]
[Black "Savitha, Shri B"]
[Result "1-0"]
[WhiteTitle "GM"]
[BlackTitle "WIM"]
[WhiteElo "2507"]
[BlackElo "2411"]
[WhiteFideId "5015197"]
[BlackFideId "35061887"]
[EventDate "2022.11.29"]

1. Nf3 Nf6 2. g3 c5 3. Bg2 d5 4. O-O Nc6 5. d4 e6 6. c4 dxc4 7. dxc5 Qxd1 8.
Rxd1 Bxc5 9. Nbd2 c3 10. bxc3 O-O 11. Nb3 Be7 12. c4 Nd7 13. Bb2 Nb6 14. Rac1 a5
15. Nfd4 Bd7 16. c5 Na4 17. Ba1 Rfd8 18. Nxc6 Bxc6 19. Rxd8+ Rxd8 20. Bxc6 bxc6
21. Kg2 Bf6 22. Bxf6 gxf6 23. Nxa5 Rd2 24. Nxc6 Rxa2 25. Nd4 Kf8 26. c6 Nb6 27.
Rb1 Nd5 28. e4 Ne7 29. Rb8+ Kg7 30. c7 Rd2 1-0

[Event "Tata Steel India Rapid w"]
[Site "Kolkata IND"]
[Date "2022.12.01"]
[Round "9.3"]
[White "Kiolbasa, Oliwia"]
[Black "Koneru, Humpy"]
[Result "1-0"]
[WhiteTitle "WIM"]
[BlackTitle "GM"]
[WhiteElo "2406"]
[BlackElo "2574"]
[WhiteFideId "1154613"]
[BlackFideId "5008123"]
[EventDate "2022.11.29"]

1. e4 e5 2. Nf3 Nc6 3. Bb5 a6 4. Ba4 Nf6 5. O-O Nxe4 6. d4 b5 7. Bb3 d5 8. Nxe5
Nxe5 9. dxe5 c6 10. Be3 Be7 11. c3 O-O 12. Bc2 f5 13. f3 f4 14. Bd4 Ng5 15. Nd2
c5 16. Bf2 Bf5 17. Nb3 Ne6 18. Re1 Qd7 19. Qd2 Rad8 20. a4 bxa4 21. Nc1 Bxc2 22.
Qxc2 d4 23. cxd4 Nxd4 24. Qc4+ Qd5 25. Qxa4 Ne6 26. Ne2 c4 27. Nc3 Qd7 28. Qxc4
Rc8 29. Qxa6 Bc5 30. Bxc5 Nxc5 31. Qc4+ Kh8 32. e6 Qb7 33. Qb5 Qe7 34. Nd5 Qd6
35. e7 Rfe8 36. Rad1 Rb8 37. Qe2 Rb7 38. b4 Nd7 39. Qe4 Ra7 40. Nxf4 Qb6+ 41.
Qd4 Kg8 42. Qxb6 Nxb6 43. Rd6 Nc8 44. Rd8 Kf7 45. Rxe8 Kxe8 46. Nd5 Rd7 47. Re5
Nd6 48. Kf2 h6 49. Nf4 Nc4 50. Re2 g5 51. Nh5 Rxe7 52. Ng7+ Kf7 53. Rxe7+ 1-0

[Event "Tata Steel India Rapid w"]
[Site "Kolkata IND"]
[Date "2022.12.01"]
[Round "9.4"]
[White "Ushenina, Anna"]
[Black "Vaishali, Rameshbabu"]
[Result "1/2-1/2"]
[WhiteTitle "GM"]
[BlackTitle "IM"]
[WhiteElo "2454"]
[BlackElo "2454"]
[WhiteFideId "14110911"]
[BlackFideId "5091756"]
[EventDate "2022.11.29"]

1. d4 Nf6 2. c4 g6 3. Nc3 d5 4. cxd5 Nxd5 5. Bd2 c5 6. dxc5 Bg7 7. Qc1 Nc6 8. e4
Ndb4 9. a3 Nd3+ 10. Bxd3 Qxd3 11. Nge2 Nd4 12. Nxd4 Bxd4 13. Be3 Bxc3+ 14. Qxc3
Qxc3+ 15. bxc3 Bd7 1/2-1/2

[Event "Tata Steel India Rapid w"]
[Site "Kolkata IND"]
[Date "2022.12.01"]
[Round "9.5"]
[White "Dzagnidze, Nana"]
[Black "Muzychuk, Mariya"]
[Result "1/2-1/2"]
[WhiteTitle "GM"]
[BlackTitle "GM"]
[WhiteElo "2517"]
[BlackElo "2528"]
[WhiteFideId "13601903"]
[BlackFideId "14114550"]
[EventDate "2022.11.29"]

1. Nf3 d5 2. c4 c6 3. d4 Nf6 4. cxd5 cxd5 5. Nc3 Nc6 6. Bf4 Bf5 7. Qb3 Na5 8.
Qa4+ Bd7 9. Qc2 e6 10. e3 Rc8 11. Bd3 Bb4 12. O-O Nh5 13. Be5 f6 14. Bg3 Nxg3
15. hxg3 Nc4 16. a3 Bxc3 17. bxc3 Kf7 18. Rfe1 g6 19. g4 Nd6 20. g5 fxg5 21. e4
Kg7 22. exd5 exd5 23. Re5 g4 24. Ng5 Qf6 25. Rxd5 Rhe8 26. Ne4 Rxe4 27. Bxe4 Bc6
28. Rxd6 Qxd6 29. Bxc6 Qxc6 30. Rc1 b5 31. Qd3 a6 32. d5 Qc4 33. Qd2 Rc5 34. d6
Rd5 35. Qe3 Qd3 36. Qe7+ Kh6 37. Qh4+ Rh5 38. Qe7 Rd5 39. Qh4+ Rh5 40. Qf6 Rf5
41. Qh4+ Rh5 1/2-1/2